Macbeth

Guardat en:
Dades bibliogràfiques
Autor principal: Furness, Horace Howard (Autor)
Format: Llibre
Idioma:anglès
Publicat: Nueva York Dover 1963
Col·lecció:New Variorum Shakespeare
Matèries:
Etiquetes: Afegir etiqueta
Sense etiquetes, Sigues el primer a etiquetar aquest registre!

MARC

LEADER 00000nam a2200000 a 4500
001 UCV8164
003 CL-VaPUC
008 900824e19630000US |||||||||||||||||eng|d
082 0 4 |a 822.09  |b FUR  |2 21 
100 0 |a Furness, Horace Howard  |e author  |9 302232 
245 1 0 |a Macbeth 
300 |a 566 p 
942 |c BK 
945 |d 19900824 00:00:00 
260 |a Nueva York  |b Dover  |c 1963 
600 0 |a Shakespeare, William  |9 265757 
650 0 |a Crítica e interpretación   |9 255042 
583 |a last modification  |c 19900824 00:00:00  |k Rodrigo Vera 
490 0 |a New Variorum Shakespeare 
999 |c 213719  |d 213717 
952 |0 0  |1 0  |4 0  |6 822_090000000000000_FUR_1963  |7 0  |8 P  |9 196380  |a BIBARQ  |b BIBARQ  |d 2019-11-14  |i 2642786  |o 822.09 FUR 1963  |p 2642786  |r 2025-01-20  |w 2019-11-14  |y BK  |k ARQ